Pays aves la lettre S - Statistiques

Statistiques générales
  • Ce quiz a été pris 297 fois
    248 depuis la dernière actualisation
  • Le résultat moyen est 49 sur 68
Statistiques - réponses
Réponses % Correct
Slovaquie
90%
Slovénie
89%
Suède
89%
Somalie
87%
Soudan
87%
Suisse
87%
Etats-Unis
86%
Espagne
85%
Sénégal
83%
Russie
82%
Afrique du Sud
80%
Australie
80%
Saint-Marin
80%
Soudan du Sud
80%
Brésil
79%
Islande
78%
Sri Lanka
77%
Suriname
77%
Afghanistan
76%
Pakistan
76%
Sainte-Lucie
76%
Serbie
76%
Syrie
76%
Estonie
75%
Salvador
75%
Biélorussie
73%
Corée du Sud
73%
Indonésie
73%
Seychelles
73%
Sierra Leone
73%
Tadjikistan
73%
Tunisie
73%
Ouzbékistan
72%
Arabie Saoudite
71%
Laos
71%
Saint-Vincent-et-les Grenadines
71%
Turkménistan
71%
Israël
70%
Kazakhstan
69%
Saint-Christophe-et-Niévès
69%
Singapour
69%
Emirats arabes unis
68%
Kirghizistan
68%
Pays-Bas
68%
Honduras
67%
Bosnie-Herzégovine
66%
Comores
66%
Eswatini
66%
Malaisie
66%
Samoa
66%
Costa Rica
65%
Lesotho
65%
Bahamas
64%
Botswana
64%
Sao Tomé-et-Principe
64%
Maldives
62%
Philippines
62%
États fédérés de Micronésie
61%
Guinée-Bissau
61%
Madagascar
61%
Îles Salomon
60%
Kosovo
60%
Liechtenstein
59%
Îles Marshall
58%
Palaos
57%
Papouasie-Nouvelle-Guinée
57%
Bangladesh
55%
Burkina Faso
55%
Aucun quiz correspondant
Distribution des résultats
% des personnes avec chaque résultat
Percentile par nombre de réponses
Votre historique - résultats
Vous n’avez pas pris ce quiz depuis la dernière actualisation